[Event "FRIENDS aROUNd tHe WORLD"]
[Site "SchemingMind.com"]
[Date "2009.06.08"]
[Round "-"]
[White "Clive Everill"]
[Black "wastl"]
[Result "1-0"]
[WhiteCountry "CZE"]
[BlackCountry "GER"]
[WhiteElo "1632"]
[WhiteRD "49"]
[BlackElo "1584"]
[BlackRD "210"]
[GameID "207354"]

1. e4 e5 2. f4 exf4 3. Nf3 Nc6 4. d4 b6 5. Bxf4 Bb7 6. Bd3 Nf6 7. O-O Be7 8. Re1 O-O 9. c3 a6 10. e5 Nd5
11. Bg3 b5 12. Nbd2 d6 13. e6 b4 14. c4 Nb6 15. d5 Na5 16. b3 fxe6 17. Rxe6 Bf6 18. Rb1 Bc8 19. Re1 Bg4 20. Qc2 h5
21. h3 h4 22. Bf2 Bxf3 23. Nxf3 Nd7 24. Bh7+ Kh8 25. Bf5 Ne5 26. Nxe5 Bxe5 27. Qe2 Rxf5 28. Qg4 Qg5 29. Qxh4+ Qxh4 30. Bxh4 Nb7
31. g4 Rf3 32. Kg2 Raf8 33. Re2 Nc5 34. Rd1 Rc3 35. Rf1 Rxf1 36. Kxf1 Rxh3 37. Bd8 Nd3 38. Bxc7 Nc1 39. Rxe5 dxe5 40. Bxe5 Nxa2
41. d6 Rxb3 42. c5 Rd3 43. c6 b3 44. c7 Rf3+ 45. Kg2 Rf8 46. d7
1-0

[Event "FRIENDS aROUNd tHe WORLD"]
[Site "SchemingMind.com"]
[Date "2009.07.14"]
[Round "-"]
[White "andu"]
[Black "Clive Everill"]
[Result "1-0"]
[WhiteCountry "AUT"]
[BlackCountry "CZE"]
[WhiteElo "1835"]
[WhiteRD "49"]
[BlackElo "1620"]
[BlackRD "50"]
[GameID "212511"]

1. e4 c6 2. d4 d5 3. Nc3 b5 4. a3 a6 5. e5 Bf5 6. Nf3 e6 7. Be3 Ne7 8. Be2 Ng6 9. O-O Be7 10. Ne1 O-O
11. g4 Be4 12. f3 Bg5 13. Bxg5 Qxg5 14. fxe4 Qe3+ 15. Kh1 dxe4 16. Ng2 Qh3 17. Nxe4 Nh4 18. Nxh4 Qxh4 19. Qd3 Qe7 20. c4 Nd7
21. Rac1 Rad8 22. cxb5 Nxe5 23. Qc3 Nd7 24. bxc6 Nb6 25. c7 Rc8 26. Qc5 Qxc5 27. Rxc5 Nd5 28. Nd6 Rxc7 29. Rxc7 Nxc7 30. Rc1 Nd5
31. Bxa6 g6 32. Kg2 f5 33. gxf5 gxf5 34. Kf3 Kg7 35. Bc4 Nc7 36. Ba2 Nd5 37. Bxd5 exd5 38. Kf4 Kg6 39. Rc5 Rb8 40. b4
1-0

[Event "FRIENDS aROUNd tHe WORLD"]
[Site "SchemingMind.com"]
[Date "2009.07.14"]
[Round "-"]
[White "Clive Everill"]
[Black "andu"]
[Result "0-1"]
[WhiteCountry "CZE"]
[BlackCountry "AUT"]
[WhiteElo "1620"]
[WhiteRD "50"]
[BlackElo "1835"]
[BlackRD "49"]
[GameID "212516"]

1. c4 Nf6 2. Nc3 e5 3. e4 Bc5 4. h3 a6 5. Nf3 h6 6. d4 exd4 7. Nxd4 O-O 8. Bf4 Re8 9. f3 Nh5 10. Be3 Ng3
11. Rg1 Qh4 12. Kd2 Nc6 13. Nde2 Bxe3+ 14. Kxe3 Ne5 15. b3 d6 16. Nxg3 Qxg3 17. Nd5 Bf5 18. Kd2 Bxh3 19. Nxc7 Qf2+ 20. Be2 Bxg2
21. Nxe8 Nxf3+ 22. Kc3 Nxg1 23. Qxg1 Qxe2 24. Nxd6 Bxe4 25. Re1 Qd3+ 26. Kb2 Qd2+ 27. Ka3 Qxd6+ 28. Kb2 Qd2+ 29. Ka3 b5 30. Rxe4 b4+
31. Ka4 Qxa2+ 32. Kxb4 Rb8+ 33. Kc5 Qa5+ 34. Kd6 Rd8+ 35. Kc6 Rc8+ 36. Kd6 Qc7+ 37. Kd5 Rd8#
0-1

[Event "FRIENDS aROUNd tHe WORLD"]
[Site "SchemingMind.com"]
[Date "2009.08.14"]
[Round "-"]
[White "Faloan"]
[Black "rougon"]
[Result "1-0"]
[WhiteCountry "GER"]
[BlackCountry "USA"]
[WhiteElo "2177"]
[WhiteRD "95"]
[BlackElo "1832"]
[BlackRD "80"]
[GameID "215773"]

1. d4 d5 2. c4 dxc4 3. e3 e6 4. Bxc4 Nf6 5. Nf3 c5 6. O-O Be7 7. Nc3 a6 8. e4 b5 9. Be2 Bb7 10. e5 Nd5
11. Nxd5 Bxd5 12. dxc5 Bxc5 13. a4 Qb6 14. axb5 axb5 15. Rxa8 Bxa8 16. Qd3 Bc6 17. Bf4 O-O 18. Ng5 g6 19. Qh3 h5 20. Bxh5
1-0

[Event "FRIENDS aROUNd tHe WORLD"]
[Site "SchemingMind.com"]
[Date "2009.08.13"]
[Round "-"]
[White "rougon"]
[Black "Faloan"]
[Result "0-1"]
[WhiteCountry "USA"]
[BlackCountry "GER"]
[WhiteElo "1832"]
[WhiteRD "80"]
[BlackElo "2177"]
[BlackRD "95"]
[GameID "215776"]

1. d4 d5 2. Nf3 Nf6 3. e3 c5 4. c3 e6 5. Bd3 Nc6 6. O-O Qc7 7. Nbd2 Be7 8. b3 O-O 9. Bb2 b6 10. Rc1 Bb7
11. c4 Rfd8 12. cxd5 Nxd5 13. Qc2 h6 14. dxc5 Ndb4 15. Qc3 Bf6 16. Nd4 Rxd4 17. exd4 Bxd4 18. Qc4 Bxb2 19. Rb1 Ba6
0-1

[Event "FRIENDS aROUNd tHe WORLD"]
[Site "SchemingMind.com"]
[Date "2009.08.18"]
[Round "-"]
[White "sidra"]
[Black "PStuart"]
[Result "0-1"]
[WhiteCountry "HUN"]
[BlackCountry "USA"]
[WhiteElo "1665"]
[WhiteRD "94"]
[BlackElo "1914"]
[BlackRD "89"]
[GameID "216418"]

1. d4 d5 2. e3 Bf5 3. Nc3 c6 4. Nge2 Nf6 5. f3 e6 6. a3 Be7 7. g4 Bg6 8. Bg2 h6 9. O-O O-O 10. Ng3 Nbd7
11. e4 Nb6 12. e5 Nfd7 13. b3 c5 14. Be3 cxd4 15. Bxd4 Bc5 16. Bxc5 Nxc5 17. a4 a6 18. Nce2 Ncd7 19. f4 Qc7 20. Rc1 Qc5+
21. Kh1 Rac8 22. Nd4 Rc7 23. Nge2 Nc8 24. c3 Ne7 25. h4 Rfc8 26. h5 Bh7 27. b4 Qb6 28. a5 Qa7 29. Qd2 Nc6 30. Nxc6 Rxc6
31. Nd4 R6c7 32. b5 Rc5 33. b6 Qb8 34. Nb3 Rc4 35. Rfe1 Nc5 36. Nxc5 R4xc5 37. c4 Rxc4 38. Rxc4 Rxc4 39. Rc1 Qc8 40. Rxc4 Qxc4
41. Kh2 Be4 42. Bh3 Kf8 43. Kg3 Qd3+ 44. Qxd3 Bxd3 45. Bg2 Ke8 46. Kf2 Kd7 47. Ke3 Bc4 48. f5 Kc6 49. Kd4 Kb5 50. f6 gxf6
51. exf6 Be2 52. g5 Bxh5 53. gxh6 Bg6 54. Bf1+ Kxa5 55. Bd3 e5+ 56. Kc3 e4 57. Be2 Kxb6 58. Kd4 Kc6 59. Bd1 Kd6 60. Bb3 Ke6
61. Bxd5+ Kxf6 62. Bxb7 a5 63. Bc6 Bf5 64. Be8 Ke7 65. Bc6 f6 66. Ba4 Kf7 67. Bc6 Kg6 68. Ke3 Kxh6 69. Kf4 Bg6 70. Bd7 Kg7
71. Ke3 Kf7 72. Ba4 Ke6 73. Kd4 Kd6 74. Bb3 f5 75. Ba4 f4 76. Bd1 f3 77. Ke3 Kc5 78. Bb3 Kb4 79. Bd5 a4 80. Kd2 a3
81. Ba2 Be8 82. Bd5 f2 83. Ke2 e3 84. Kf1 Bb5+ 85. Kg2 f1=Q+
0-1

[Event "FRIENDS aROUNd tHe WORLD"]
[Site "SchemingMind.com"]
[Date "2009.08.18"]
[Round "-"]
[White "PStuart"]
[Black "sidra"]
[Result "1-0"]
[WhiteCountry "USA"]
[BlackCountry "HUN"]
[WhiteElo "1929"]
[WhiteRD "92"]
[BlackElo "1673"]
[BlackRD "90"]
[GameID "216426"]

1. d4 d5 2. Bf4 e6 3. e3 a6 4. Bd3 Nc6 5. c3 b5 6. Nf3 f6 7. Nbd2 Bb7 8. O-O g5 9. Bg3 Nge7 10. e4 dxe4
11. Nxe4 Bg7 12. Nc5 Bc8 13. Qe2 e5 14. dxe5 g4 15. exf6 Bxf6 16. Ne5 Nxe5 17. Bxe5 O-O 18. Rad1 Qe8 19. Bxc7 Nd5 20. Qxe8 Rxe8
21. Bxh7+ Kxh7 22. Rxd5 Kg6 23. Rfd1 Bf5 24. Kf1 Rec8 25. Bf4 a5 26. Be3 b4 27. Bd4 bxc3 28. bxc3 Bxd4 29. cxd4 a4 30. Re5 Ra5
31. Nd3 Bxd3+ 32. Rxd3 Rxe5 33. dxe5 Kf5 34. Rd4 Rc1+ 35. Ke2 Rc2+ 36. Rd2 Rc4 37. f3 gxf3+ 38. Kxf3 Kxe5 39. g3 Rc3+ 40. Kg2 a3
41. h4 Kf5 42. Kh3 Kg6 43. Rf2 Kh5 44. Rf5+ Kg6 45. Ra5 Kh6 46. h5 Rd3 47. Kh4 Rd4+ 48. g4 Rd3 49. Ra6+ Kh7 50. h6 Rc3
51. Kh5 Rh3+ 52. Kg5 Rc3 53. Ra7+ Kh8 54. h7 Rc5+ 55. Kh4 Rc2 56. Kg5 Rc5+ 57. Kh6 Rc6+ 58. Kh5 Rc2 59. g5 Rc5 60. Kh6 Rxg5
61. Ra8+ Rg8 62. Rxg8#
1-0

[Event "FRIENDS aROUNd tHe WORLD"]
[Site "SchemingMind.com"]
[Date "2009.08.31"]
[Round "-"]
[White "staunton64"]
[Black "chesshub"]
[Result "0-1"]
[WhiteCountry "FRA"]
[BlackCountry "FRA"]
[WhiteElo "1615"]
[WhiteRD "68"]
[BlackElo "2506"]
[BlackRD "68"]
[GameID "218038"]

1. c4 Nf6 2. g3 e5 3. Bg2 c6 4. Nc3 d5 5. cxd5 cxd5 6. e3 d4 7. exd4 exd4 8. Nb5 a6 9. Na3 Bxa3 10. bxa3 O-O
11. d3 Nd5 12. Ne2 Bg4 13. O-O Nc3 14. Qb3 Nxe2+ 15. Kh1 Nd7 16. Bf4 Nc5 17. Qc2 Nxf4 18. gxf4 Rc8 19. Qd2 Bf5 20. Be4 Nxe4
21. dxe4 Bxe4+ 22. f3 Rc2 23. Qb4 Qh4
0-1

[Event "FRIENDS aROUNd tHe WORLD"]
[Site "SchemingMind.com"]
[Date "2009.08.31"]
[Round "-"]
[White "chesshub"]
[Black "staunton64"]
[Result "1-0"]
[WhiteCountry "FRA"]
[BlackCountry "FRA"]
[WhiteElo "2506"]
[WhiteRD "68"]
[BlackElo "1615"]
[BlackRD "68"]
[GameID "218039"]

1. e4 c5 2. Nf3 Nc6 3. Nc3 e6 4. d4 cxd4 5. Nxd4 Nf6 6. Nxc6 bxc6 7. e5 Nd5 8. Ne4 Be7 9. c4 Nb6 10. Nd6+ Bxd6
11. Qxd6 Qe7 12. Qxe7+ Kxe7 13. b3 Bb7 14. Ba3+ Kd8 15. Be2 f6 16. f4 fxe5 17. fxe5 d5 18. exd6 Kd7 19. O-O Raf8 20. Rae1 Rf6
21. c5 Nd5 22. Bb2 Rxf1+ 23. Rxf1 Nf6 24. g4 Rg8 25. g5 a5 26. Bc4 Nd5 27. Rf7+ Ke8 28. Rxb7
1-0

[Event "FRIENDS aROUNd tHe WORLD"]
[Site "SchemingMind.com"]
[Date "2009.10.13"]
[Round "-"]
[White "Vanh"]
[Black "ErnestHemingway"]
[Result "1-0"]
[WhiteCountry "ESP"]
[BlackCountry "POL"]
[WhiteElo "2531"]
[WhiteRD "159"]
[BlackElo "1891"]
[BlackRD "115"]
[GameID "222798"]

1. e4 c6 2. d4 d5 3. e5 c5 4. Nf3 Bg4 5. c4 cxd4 6. cxd5 Qxd5 7. Nc3 Bxf3 8. Nxd5 Bxd1 9. Nc7+ Kd7 10. Nxa8 Ba4
11. e6+ Kxe6 12. b3 Bc6 13. Bb2 b6 14. Nc7+ Kd7 15. Nb5 e5 16. Nxa7 Bb4+ 17. Ke2
1-0

[Event "FRIENDS aROUNd tHe WORLD"]
[Site "SchemingMind.com"]
[Date "2009.10.13"]
[Round "-"]
[White "ErnestHemingway"]
[Black "Vanh"]
[Result "0-1"]
[WhiteCountry "POL"]
[BlackCountry "ESP"]
[WhiteElo "1891"]
[WhiteRD "115"]
[BlackElo "2531"]
[BlackRD "159"]
[GameID "222803"]

1. e4 c5 2. Nf3 d6 3. Bb5+ Bd7 4. Bxd7+ Qxd7 5. c4 Nf6 6. Nc3 g6 7. d4 cxd4 8. Nxd4 Bg7 9. h3 O-O 10. Be3 Rc8
11. b3 a6 12. O-O Nc6 13. Nd5 Nxd5 14. exd5 Nxd4 15. Bxd4 b5 16. Bxg7 Kxg7 17. Qd4+ Kg8 18. Rac1 Ra7 19. Rc2 Rac7 20. Rfc1 Rc5
21. b4 Rxc4
0-1

[Event "FRIENDS aROUNd tHe WORLD"]
[Site "SchemingMind.com"]
[Date "2009.11.05"]
[Round "-"]
[White "italy58"]
[Black "Raimondi"]
[Result "1/2-1/2"]
[WhiteCountry "ITA"]
[BlackCountry "PER"]
[WhiteElo "2313"]
[WhiteRD "108"]
[BlackElo "1725"]
[BlackRD "75"]
[GameID "225443"]

1. e4 e5 2. Nf3 Nc6 3. Bb5 a6 4. Ba4 b5 5. Bb3 Nf6 6. O-O Bb7 7. c3 Be7 8. d4 d6 9. Nbd2 O-O 10. Re1 exd4
11. Nxd4 Ne5 12. Bc2 Re8 13. Nf1 c5 14. Nf5 Bf8 15. N1g3 g6 16. Nh6+ Kh8 17. Bg5=
1/2-1/2

[Event "FRIENDS aROUNd tHe WORLD"]
[Site "SchemingMind.com"]
[Date "2009.11.05"]
[Round "-"]
[White "Raimondi"]
[Black "italy58"]
[Result "0-1"]
[WhiteCountry "PER"]
[BlackCountry "ITA"]
[WhiteElo "1725"]
[WhiteRD "75"]
[BlackElo "2313"]
[BlackRD "108"]
[GameID "225446"]

1. e4 c5 2. Nf3 d6 3. d4 cxd4 4. Nxd4 Nf6 5. Nc3 a6 6. Be3 g6 7. f3 Qc7 8. Be2 Bg7 9. O-O O-O 10. Qd2 Nbd7
11. Rac1 Nb6 12. a4 Bd7 13. a5 Nc4 14. Bxc4 Qxc4 15. Nb3 Rac8 16. Bg5 Ba4 17. Nxa4 Qxa4 18. Ra1 Qc4 19. Nd4 Nxe4
0-1

[Event "FRIENDS aROUNd tHe WORLD"]
[Site "SchemingMind.com"]
[Date "2009.12.09"]
[Round "-"]
[White "italy58"]
[Black "andu"]
[Result "1/2-1/2"]
[WhiteCountry "ITA"]
[BlackCountry "AUT"]
[WhiteElo "2272"]
[WhiteRD "111"]
[BlackElo "2218"]
[BlackRD "61"]
[GameID "230067"]

1. e4 c5 2. Nf3 e6 3. d4 cxd4 4. Nxd4 Nf6 5. Nc3 Nc6 6. Ndb5 Bb4 7. a3 Bxc3+ 8. Nxc3 O-O 9. Bg5 d5 10. Bd3 d4
11. Ne2 e5 12. f3 h6 13. Bh4 Be6 14. O-O Kh8 15. f4 exf4 16. Nxf4 g5 17. Nxe6 fxe6 18. Bg3 Qe7 19. Qe2 a6 20. e5 Nd5
21. Qh5 Qg7 22. Qh3 Nf4 23. Bxf4 gxf4 24. Rae1 Rae8 25. Rf3 Qg5 26. Kh1 Rf7 27. g3 Nxe5 28. Rxe5 Qxe5 29. Bg6 Ree7 30. Qxh6+ Kg8
31. Bxf7+ Rxf7=
1/2-1/2

[Event "FRIENDS aROUNd tHe WORLD"]
[Site "SchemingMind.com"]
[Date "2009.12.09"]
[Round "-"]
[White "andu"]
[Black "italy58"]
[Result "0-1"]
[WhiteCountry "AUT"]
[BlackCountry "ITA"]
[WhiteElo "2201"]
[WhiteRD "66"]
[BlackElo "2274"]
[BlackRD "109"]
[GameID "230080"]

1. e4 c5 2. Nf3 d6 3. d4 cxd4 4. Nxd4 Nf6 5. Nc3 a6 6. Be3 e5 7. Nb3 Be6 8. Qd2 Be7 9. f3 O-O 10. O-O-O b5
11. h4 h5 12. Nd5 Bxd5 13. exd5 Qc7 14. Qa5 Qb7 15. Qd2 Bd8 16. Rh3 Nbd7 17. Rg3 Re8 18. Bd3 g6 19. Bh6 Kh7 20. Kb1 Nxd5
21. Bg5 N7f6 22. c4 bxc4 23. Bxc4 Nb6 24. Na5 Qc7 25. Bd3 Nbd7 26. Nb3 d5 27. f4 Qd6 28. f5 Rg8 29. Rh3 Be7 30. Rf1 Rab8
31. Qe3 Rb6 32. fxg6+ fxg6 33. Qc1 e4 34. Be2 d4 35. Bf4 Qb4 36. Bd2 Qa4 37. Qc7 Rd6
0-1

[Event "FRIENDS aROUNd tHe WORLD"]
[Site "SchemingMind.com"]
[Date "2009.12.28"]
[Round "-"]
[White "Faloan"]
[Black "PStuart"]
[Result "1-0"]
[WhiteCountry "GER"]
[BlackCountry "USA"]
[WhiteElo "2164"]
[WhiteRD "86"]
[BlackElo "1787"]
[BlackRD "80"]
[GameID "232421"]

1. d4 d5 2. c4 c6 3. Nf3 Nf6 4. e3 Bf5 5. Nc3 e6 6. Nh4 Bg6 7. Be2 Bd6 8. Nxg6 hxg6 9. h3 Nbd7 10. Bd2 Qe7
11. Qb3 Rb8 12. O-O O-O 13. c5 Bc7 14. Qa4 a6 15. b4 e5 16. Qc2 exd4 17. exd4 Rfe8 18. Rfe1 Qf8 19. a4 Re6 20. b5 axb5
21. axb5 Bd8 22. Bf4 Rc8 23. bxc6 bxc6 24. Ba6 Ra8 25. Rxe6
1-0

[Event "FRIENDS aROUNd tHe WORLD"]
[Site "SchemingMind.com"]
[Date "2009.12.28"]
[Round "-"]
[White "PStuart"]
[Black "Faloan"]
[Result "0-1"]
[WhiteCountry "USA"]
[BlackCountry "GER"]
[WhiteElo "1787"]
[WhiteRD "80"]
[BlackElo "2164"]
[BlackRD "86"]
[GameID "232424"]

1. d4 Nf6 2. Bf4 g6 3. e3 Bg7 4. Nf3 d6 5. h3 O-O 6. Be2 c5 7. c3 cxd4 8. exd4 Bd7 9. O-O b5 10. Nbd2 a5
11. Rc1 Na6 12. c4 Nc7 13. Bh2 bxc4 14. Bxc4 Ne6 15. Re1 Qb6 16. Qb3 Qxb3 17. Bxb3 Rfe8 18. Bxe6 Bxe6 19. b3 Nd5 20. Nc4 Rec8
21. Red1 a4 22. Ne3 Nxe3 23. fxe3 axb3
0-1

[Event "FRIENDS aROUNd tHe WORLD"]
[Site "SchemingMind.com"]
[Date "2010.01.31"]
[Round "-"]
[White "Vanh"]
[Black "Faloan"]
[Result "1-0"]
[WhiteCountry "ESP"]
[BlackCountry "GER"]
[WhiteElo "2559"]
[WhiteRD "156"]
[BlackElo "2157"]
[BlackRD "84"]
[GameID "237066"]

1. e4 c5 2. Nf3 e6 3. Nc3 Nc6 4. d4 cxd4 5. Nxd4 Qc7 6. Be3 a6 7. Qd2 Nf6 8. O-O-O Bb4 9. f3 O-O 10. g4 b5
11. g5 Ne8 12. Nxc6 Qxc6 13. Bd4 Bb7 14. h4 f5 15. gxf6 Nxf6 16. Rg1 Rf7 17. h5 Ba5 18. Qg5 Bd8 19. Bd3 Ne8 20. Qe3
1-0

[Event "FRIENDS aROUNd tHe WORLD"]
[Site "SchemingMind.com"]
[Date "2010.01.31"]
[Round "-"]
[White "Faloan"]
[Black "Vanh"]
[Result "0-1"]
[WhiteCountry "GER"]
[BlackCountry "ESP"]
[WhiteElo "2157"]
[WhiteRD "84"]
[BlackElo "2559"]
[BlackRD "156"]
[GameID "237079"]

1. d4 Nf6 2. c4 e6 3. Nc3 Bb4 4. f3 d5 5. a3 Bxc3+ 6. bxc3 c5 7. cxd5 Nxd5 8. dxc5 f5 9. Nh3 O-O 10. c4 Qh4+
11. Nf2 Nc7 12. Bb2 Rd8 13. Qc2 Nc6 14. g3 Qe7 15. Nd3 e5 16. Qc3 Re8 17. e3 Ne6 18. Be2 Nxc5 19. Nxc5 Qxc5
0-1

[Event "FRIENDS aROUNd tHe WORLD"]
[Site "SchemingMind.com"]
[Date "2010.05.01"]
[Round "-"]
[White "italy58"]
[Black "chesshub"]
[Result "1/2-1/2"]
[WhiteCountry "ITA"]
[BlackCountry "FRA"]
[WhiteElo "2376"]
[WhiteRD "103"]
[BlackElo "2441"]
[BlackRD "75"]
[GameID "246675"]

1. e4 e5 2. Nf3 Nc6 3. Bb5 a6 4. Ba4 Nf6 5. O-O Be7 6. Re1 b5 7. Bb3 d6 8. c3 O-O 9. h3 Na5 10. Bc2 c5
11. d4 Qc7 12. Nbd2 cxd4 13. cxd4 Nc6 14. Nb3 a5 15. Be3 a4 16. Nbd2 Bd7 17. Rc1 Qb7 18. Qe2 Rfe8 19. Bd3 Rab8 20. dxe5 dxe5
21. a3 h6 22. Bc5 Nh5 23. Bxe7 Rxe7 24. Rc5 Nf4 25. Qe3 Nxd3 26. Qxd3 Be8 27. Rec1 Rd8 28. Rd5 Red7 29. Rcc5 Ne7 30. Nxe5 Rxd5
31. exd5 Rxd5 32. Rxd5 Qxd5 33. Qxd5=
1/2-1/2

[Event "FRIENDS aROUNd tHe WORLD"]
[Site "SchemingMind.com"]
[Date "2010.05.01"]
[Round "-"]
[White "chesshub"]
[Black "italy58"]
[Result "1/2-1/2"]
[WhiteCountry "FRA"]
[BlackCountry "ITA"]
[WhiteElo "2441"]
[WhiteRD "75"]
[BlackElo "2376"]
[BlackRD "103"]
[GameID "246678"]

1. e4 c5 2. Nf3 d6 3. Nc3 Nc6 4. d4 cxd4 5. Nxd4 Nf6 6. Bg5 e6 7. Qd2 Be7 8. O-O-O Nxd4 9. Qxd4 a6 10. f4 b5
11. Bxf6 gxf6 12. e5 d5 13. Kb1 Bb7 14. f5 fxe5 15. Qxe5 Bf6 16. Qg3 Qe7 17. fxe6 fxe6 18. Be2 O-O-O 19. Bg4 h5 20. Bh3 Rhg8
21. Qf4 Bxc3 22. bxc3 Qd6 23. Qd4 Kb8 24. Rhe1 Rge8 25. Re5 Rc8 26. Qe3 Rc4 27. Rxe6 Rxe6 28. Bxe6 b4 29. cxb4 Rxb4+ 30. Ka1 Rc4
31. c3 Qc7 32. Rf1 Qg7 33. Rf5 Rxc3 34. Qe5+ Qxe5 35. Rxe5 d4 36. Kb2 Bxg2 37. Rxh5 Be4=
1/2-1/2

[Event "FRIENDS aROUNd tHe WORLD"]
[Site "SchemingMind.com"]
[Date "2010.08.13"]
[Round "-"]
[White "italy58"]
[Black "Vanh"]
[Result "1/2-1/2"]
[WhiteCountry "ITA"]
[BlackCountry "ESP"]
[WhiteElo "2420"]
[WhiteRD "104"]
[BlackElo "2479"]
[BlackRD "152"]
[GameID "257061"]

1. e4 c5 2. Nf3 d6 3. d4 cxd4 4. Nxd4 Nf6 5. Nc3 a6 6. Be3 Ng4 7. Bg5 h6 8. Bh4 g5 9. Bg3 Bg7 10. h3 Ne5
11. Qd2 Nbc6 12. O-O-O Nxd4 13. Qxd4 Be6 14. Nd5 Bxd5 15. Qxd5 Qb6 16. c3 Rc8 17. h4 g4 18. Qd2 Nc4 19. Bxc4 Rxc4 20. Rhe1 O-O
21. e5 Rfc8 22. Re3 Bxe5 23. Bxe5 dxe5 24. Rxe5 Qf6 25. Qe2 e6 26. g3 b5 27. a3 Kf8 28. Kb1 Rd8 29. Rxd8+ Qxd8 30. Qe3 Qf6
31. Kc1 Kg8=
1/2-1/2

[Event "FRIENDS aROUNd tHe WORLD"]
[Site "SchemingMind.com"]
[Date "2010.08.13"]
[Round "-"]
[White "Vanh"]
[Black "italy58"]
[Result "1/2-1/2"]
[WhiteCountry "ESP"]
[BlackCountry "ITA"]
[WhiteElo "2470"]
[WhiteRD "144"]
[BlackElo "2428"]
[BlackRD "100"]
[GameID "257067"]

1. e4 c5 2. Nf3 d6 3. d4 cxd4 4. Nxd4 Nf6 5. Nc3 a6 6. h3 e6 7. g4 Be7 8. Bg2 Nfd7 9. Be3 Nc6 10. Qe2 Nxd4
11. Bxd4 O-O 12. O-O-O b5 13. f4 b4 14. e5 d5 15. Nxd5 exd5 16. Bxd5 Rb8 17. e6 fxe6 18. Bxe6+ Kh8 19. Kb1 Re8 20. g5 Bf8
21. Rhe1 Qa5 22. Qg4 Nc5 23. f5 Nxe6 24. g6 h6 25. Qh4 Kg8 26. f6 Rb7 27. f7+ Rxf7 28. gxf7+ Kxf7 29. Re5 Qa4 30. Bc3 a5
31. Qc4 Bd7 32. Red5 Re7 33. Be5 Qc6 34. Qd3 Nc5 35. Qd4 Re8=
1/2-1/2